|
|
|
|
| LEADER |
02025nam a2200541 a 4500 |
| 001 |
nkc20102109940 |
| 003 |
CZ PrNK |
| 005 |
20130522110229.0 |
| 007 |
ta |
| 008 |
100603s2010 xr a f 001 0dcze |
| 015 |
|
|
|a cnb002109940
|
| 020 |
|
|
|a 978-80-87292-02-0
|q (brož.) :
|c Kč 349,00
|
| 035 |
|
|
|a (OCoLC)655161284
|
| 040 |
|
|
|a ABA001
|b cze
|
| 041 |
0 |
|
|a cze
|b eng
|
| 043 |
|
|
|a n-us---
|
| 045 |
|
|
|a x6x8
|
| 072 |
|
7 |
|a 791
|x Film. Cirkus. Lidová zábava
|2 Konspekt
|9 3
|
| 080 |
|
|
|a 791.633-051
|2 MRF
|
| 080 |
|
|
|a 791.2
|2 MRF
|
| 080 |
|
|
|a 791.62-026.15
|2 MRF
|
| 080 |
|
|
|a (73)
|2 MRF
|
| 080 |
|
|
|a (048.8)
|2 MRF
|
| 100 |
1 |
|
|a Hudec, Zdeněk,
|d 1971-
|7 ola2006329725
|4 aut
|
| 245 |
1 |
0 |
|a Sam Peckinpah a jeho filmy :
|b biologický obraz světa /
|c Zdeněk Hudec
|
| 250 |
|
|
|a Vyd. 1.
|
| 260 |
|
|
|a Praha :
|b Casablanca,
|c 2010
|
| 300 |
|
|
|a 454 s. :
|b il. (některé barev.) ;
|c 21 cm
|
| 490 |
1 |
|
|a Filmoví tvůrci ;
|v sv. 3. (5.)
|
| 504 |
|
|
|a Obsahuje filmografii, bibliografii, bibliografické odkazy a rejstřík
|
| 546 |
|
|
|a Anglické resumé
|
| 600 |
1 |
7 |
|a Peckinpah, Sam,
|d 1925-1984
|7 xx0035014
|2 czenas
|
| 648 |
|
4 |
|a 1961-1983
|
| 650 |
0 |
7 |
|a filmoví režiséři
|7 ph120210
|z Spojené státy americké
|y 20. stol.
|2 czenas
|
| 650 |
0 |
7 |
|a filmy
|7 ph120215
|z Spojené státy americké
|y 1961-1990
|2 czenas
|
| 650 |
0 |
7 |
|a filmová tvorba
|7 ph174785
|z Spojené státy americké
|2 czenas
|
| 650 |
0 |
9 |
|a film directors
|z United States
|y 20th century
|2 eczenas
|
| 650 |
0 |
9 |
|a films
|z United States
|y 1961-1990
|2 eczenas
|
| 650 |
0 |
9 |
|a art of film production
|z United States
|2 eczenas
|
| 655 |
|
7 |
|a monografie
|7 fd132842
|2 czenas
|
| 655 |
|
9 |
|a monographs
|2 eczenas
|
| 830 |
|
0 |
|a Filmoví tvůrci (Casablanca)
|0 s
|
| 910 |
2 |
|
|a BOA001
|b 2-1305.284
|
| 990 |
|
|
|a BK
|
| 995 |
|
|
|a 01
|
| 991 |
|
|
|b 201305
|e n
|
| 996 |
6 |
|
|b 2610548200
|c 2-1305.284
|l MZK
|r Sklad / do 1 hodiny
|n 0
|p p.v.
|w 001324893
|u 000010
|a 1
|e BOA001
|j MZK50
|s P
|
| 996 |
7 |
|
|b 2610550088
|c 2-1305.284
|l MZK
|r Sklad / do 1 hodiny
|n 9
|p kup
|w 001324893
|u 000020
|a 1
|e BOA001
|j MZK50
|s A
|